000 00358pam a2200157a 44500
008 230515b1998 xxu||||| |||| 00| 0 eng d
020 _aNULL
041 _aENGL
082 _aBHA/MUN
100 _aBHALERAO A.R.& MUNOT R. F
245 _aFLUID MECHANICS (TECHNOVA)
250 _aN.D.
260 _aNULL
_bTECHN
_c1998
300 _a9 PB
650 _aNULL
999 _c659108
_d659108